| 000 | 06026nas a22002777a 4500 | ||
|---|---|---|---|
| 003 | NALT | ||
| 005 | 20250307145250.0 | ||
| 006 | a|||p|r|||| 00| 0 | ||
| 007 | ta | ||
| 008 | 250307b th |||p| |||| 00| 0 tha d | ||
| 040 | _aNALT | ||
| 041 | _atha | ||
| 245 | 0 | 0 | _aนิติศาสตร์ มหาวิทยาลัยธรรมศาสตร์ ปีที่ 47 ฉบับที่ 3-4 (ก.ย.-ธ.ค. 2561) |
| 260 | _aคณะนิติศาสตร์ มหาวิทยาลัยธรรมศาสตร์ | ||
| 310 | _aรายสามเดือน | ||
| 500 | _aวารสารเย็บเล่ม | ||
| 505 | 2 |
_aปีที่ 47 ฉบับที่ 3 ก.ย. 2561 -- ความรับผิดต่อค่าใช้จ่ายในการนำกลับของเสียอันตรายข้ามเขตแดนที่ผิดกฎหมาย -- กฎหมายกับปัญญาประดิษฐ์ -- การสร้างความเป็นธรรมและการคุ้มครองสิทธิของบุคคลที่เกี่ยวข้องในการหย่อโดยความยินยอม: ศึกษากฎหมายของไทยและกฎหมายของประเทศฝรั่งเศส -- ปัญหาเกี่ยวกับความยินยอมเข้าร่วมธนาคารชีวภาพ -- การพัฒนาการบริหารงานยุติธรรมของศาลรัฐธรรมนูญแห่งราชอาณาจักรไทย -- บทวิเคราะห์พระราชบัญญัติการแข่งขันทางการค้า พ.ศ. 2560: ขอบเขตการบังคับใช้และการควบคุมพฤติกรรมของผู้ประกอบธุรกิจซึ่งมีอำนาจเหนือตลาด -- การพัฒนารูปแบบและวิธีการเพิ่มประสิทธิภาพและประสิทธิผลของระบบตรวจสอบทรัพย์สินและหนี้สิน -- ระบบการคุ้มครองพันธุ์พืชใหม่: มุมมองเชิงกฎหมายเปรียบเทียบ -- "ประโยชน์สาธารณะ" ในแง่มุมคดีปกครอง -- ศัพท์กฎหมายฝรั่งเศส -- การตระเตรียมกระทำความผิด: บทเรียนจากเนเธอร์แลนด์. _aปีที่ 47 ฉบับที่ 4 ธ.ค. 2561 -- เจ้าพนักงานบังคับคดีวิชาชีพ -- การศึกษาวิเคราะห์และยกร่างกฎหมายประกอบร่างพระราชบัญญัติการประเมินมูลค่าทรัพย์สินเพื่อประโยชน์แห่งรัฐ พ.ศ. .... -- การจัดทำร่างแก้ไขเพิ่มเติมพระราชบัญญัติการท่องเที่ยวแห่งประเทศไทย (ฉบับที่ ..) พ.ศ. .... -- "ใต้เงาเศวตฉัตร" ว่าด้วยการสถาปนาสมเด็จพระสังฆราชตามบทบัญญัติรัฐธรรมนูญและพระราชบัญญัติคณะสงฆ์ (ตอนที่ 2) -- ระบบการระงับข้อพิพาทภาคบังคับภายใต้อนุสัญญาสหประชาชาติว่าด้วยกฎหมายทะเล ค.ศ. 1982: ถอดบทเรียนจากแนวคำพิพากษาของศาลและคณะตุลาการว่าด้วยเรื่องเขตอำนาจในการพิจารณา -- บทวิเคราะห์พระราชบัญญัติการแข่งขันทางการค้า พ.ศ. 2560: การควบคุมการร่วมกันจำกัดการแข่งขันระหว่างผู้ประกอบธุรกิจ -- มาตรการทางกฎหมายในการจัดการปัญหาน้ำทิ้งจากชุมชนในเขตพื้นที่อำเภอเชียงของ จังหวัดเชียงราย -- การคัดค้านผลการเลือกตั้งโดยผู้มีสิทธิเลือกตั้ง -- การพิจารณาคดีอาญาโดยไม่ปรากฏตัวจำเลย: ศึกษากรณีการดำเนินคดีอาญาของผู้ดำรงตำแหน่งทางการเมือง -- ศัพท์กฎหมายฝรั่งเศส -- ข้อสังเกตบางประการในการควบคุมสัญญาให้เช่าซื้อรถ. |
|
| 650 | 0 |
_aผู้ดำรงตำแหน่งทางการเมือง _xการดำเนินคดีอาญา _941267 |
|
| 650 | 0 |
_aพันธุ์พืช _xการคุ้มครอง _959974 |
|
| 850 | _aNALT | ||
| 866 | _aปีที่ 47 ฉบับที่ 3 (ก.ย. 2561) | ||
| 866 | _aปีที่ 47 ฉบับที่ 4 (ธ.ค. 2561) | ||
| 942 | _cBOUND | ||
| 996 |
_aaroonthip.c _bLIBSTF _c2025-03-07 |
||
| 999 |
_c106371 _d106371 |
||
| 998 |
_h179 _j179 _k อรุณทิพย์ จันทร์ดิษฐ์ |
||